Grover cleveland : The man and the statesman

সংরক্ষণ করুন:
গ্রন্থ-পঞ্জীর বিবরন
প্রধান লেখক: McElroy, Robert
বিন্যাস: গ্রন্থ
ভাষা:Undetermined
প্রকাশিত: New York Harper and Brothers Publishers 1923
ট্যাগগুলো: ট্যাগ যুক্ত করুন
কোনো ট্যাগ নেই, প্রথমজন হিসাবে ট্যাগ করুন!
Thư viện lưu trữ: Trung tâm Học liệu Trường Đại học Cần Thơ
LEADER 00491nam a2200181Ia 4500
001 CTU_86045
008 210402s9999 xx 000 0 und d
082 |a 920.073 
082 |b M478/Vol.2 
100 |a McElroy, Robert 
245 0 |a Grover cleveland : 
245 4 |b The man and the statesman 
245 0 |c Robert McElroy 
260 |a New York 
260 |b Harper and Brothers Publishers 
260 |c 1923 
904 |i Trúc 
980 |a Trung tâm Học liệu Trường Đại học Cần Thơ